• 首页
  • 本馆介绍
  • 公告通知
  • 最新文献
  • 馆藏检索
  • 电子资源
  • 读者导购
  • 参考咨询
  • 我的图书馆
  • 登录
  • 详细信息显示
  • 放入我的书架
  • 预约/预借图书
  • 作者相关作品
  • 分类相关作品
  • 丛书相关作品
  • 出版社相关作品

书目信息

  • 表格格式
  • 工作单格式
  • 卡片格式
题名:
小说的艺术
    
 
作者: 昆德拉 著 ;董强 译
分册:  
出版信息: 上海   上海译文出版社  2004
页数: 207页
开本: 21cm
丛书名: 米兰·昆德拉作品系列
单 册:
中图分类: I054
科图分类:
主题词: 小说--文学研究--世界 , 小说--创作方法
电子资源:
ISBN: 7-5327-3516-8
000 00972oam2 2200289 450
001 070027332470
005 20051220173234.00
010    @a7-5327-3516-8@dCNY15.00
100    @a20050115d2004 ekmy0chiy0120 ea
101 1  @achi@cfre
102    @aCN@b310000
105    @aa z 000zy
200 1  @a小说的艺术@9xiao shuo de yi shu@f(捷克)米兰·昆德拉著@F(jie ke)mi lan·kun de la zhu@g董强译
210    @a上海@c上海译文出版社@d2004
215    @a207页@c照片@d21cm
225 2  @a米兰·昆德拉作品系列
305    @a据伽里玛出版社2002年7月法文版译出
330    @a本书收有七篇文章,即《受到诋毁的塞万提斯遗产》、《关于小说艺术的谈话》、《关于小说结构艺术的谈话》、《那后边的某个地方》等。
461  0 @12001 @a米兰·昆德拉作品系列
606 0  @a小说@x文学研究@y世界
606 0  @a小说@x创作方法
690    @aI054@v4
701  0 @a昆德拉@Akun de la@4著
702  0 @a董强@9dong qiang@4译
801  0 @aCN@bCXYBOOK@c20051220
905    @a10447@dI054@e130
999    @aAFJ
    
    小说的艺术/(捷克)米兰·昆德拉著/董强译.-上海:上海译文出版社,2004
    207页:照片;21cm.-(米兰·昆德拉作品系列)
    
    
    ISBN 7-5327-3516-8:CNY15.00
    本书收有七篇文章,即《受到诋毁的塞万提斯遗产》、《关于小说艺术的谈话》、《关于小说结构艺术的谈话》、《那后边的某个地方》等。
●
相关链接 在E读中查询图书 在五车中查询图书 在当当中查询图书 在豆瓣中查询图书


正题名:小说的艺术     索取号:I054/130         预约/预借

序号 登录号 条形码 馆藏地/架位号 状态 备注
1 0372126   203721268   第一样本阅览室/ [索取号:I054/130] 在馆    
2 0372127   203721277   第二借阅区/ [索取号:I054/130] 在馆    
3 0372128   203721286   第二借阅区/ [索取号:I054/130] 在馆    
4 0372129   203721295   第二借阅区/ [索取号:I054/130] 在馆    
5 0372130   203721302   第二借阅区/ [索取号:I054/130] 在馆    
6 0372131   203721311   第二借阅区/ [索取号:I054/130] 在馆    
7 0372132   203721320   第二借阅区/ [索取号:I054/130] 在馆    
8 0372133   203721339   第二借阅区/ [索取号:I054/130] 在馆    
9 0372134   203721348   第二借阅区/ [索取号:I054/130] 在馆    
10 0372135   203721357   第二借阅区/ [索取号:I054/130] 在馆    
唐山师范学院图书馆 欢迎您!
大连网信软件有限公司© 版权所有